000
00202 a2200085 4500
020
_a
9781780234373
100
_a
Peter Scriver
245
_a
INDIA (MODERN ARCHITECTURES IN HISTORY)
260
_b
REAKTION BOOKS
999
_c
13093
_d
13093